Normal view
MARC view
Entry Personal Name
001 - CONTROL NUMBER
- control field: 22607
003 - CONTROL NUMBER IDENTIFIER
- control field: dpl
005 - DATE AND TIME OF LATEST TRANSACTION
- control field: 20101004105525.0
008 - FIXED-LENGTH DATA ELEMENTS
- fixed length control field: 101004|||a|||||| | ||| d
040 ## - CATALOGING SOURCE
- Original cataloging agency: dpl
- Transcribing agency: dpl
100 ## - HEADING--PERSONAL NAME
- Personal name: नामवर सिंह
670 ## - SOURCE DATA FOUND
- Source citation: Work cat.: (dpl)34121: श्रीलाल शुक्ल संचयिता /, 2008
670 ## - SOURCE DATA FOUND
- Source citation: Work cat.: (dpl)34121: श्रीलाल शुक्ल संचयिता /, 2008
